El cielo y la tierra en sus manos : (Record no. 14580)

MARC details
000 -LEADER
campo de control de longitud fija 00942cam a2200277 a 4500
001 - NÚMERO DE CONTROL
campo de control 29447
005 - FECHA Y HORA DE LA ÚLTIMA TRANSACCIÓN
campo de control 20230410101821.0
008 - DATOS DE LONGITUD FIJA--INFORMACIÓN GENERAL
campo de control de longitud fija 850829s1985 pr b 000 0cspa
035 ## - NÚMERO DE CONTROL DEL SISTEMA
-- (DLC) 85081454
035 ## - NÚMERO DE CONTROL DEL SISTEMA
Número de control de sistema 1445065
010 ## - NÚMERO DE CONTROL DE LA BIBLIOTECA DEL CONGRESO
Número de control de LC 85081454
020 ## - NÚMERO INTERNACIONAL ESTÁNDAR DEL LIBRO
Número Internacional Estándar del Libro 0940238225 (pbk.)
040 ## - FUENTE DE CATALOGACIÓN
Centro catalogador/agencia de origen DLC
Centro/agencia transcriptor DLC
Centro/agencia modificador DLC
043 ## - CÓDIGO DE ÁREA GEOGRÁFICA
Código de área geográfica nwpr---
050 14 - SIGNATURA TOPOGRÁFICA DE LA BIBLIOTECA DEL CONGRESO
Número de clasificación 117 HD 1471
Número de ítem P438c 1985
100 1# - ENTRADA PRINCIPAL--NOMBRE DE PERSONA
Nombre de persona Pérez Vega, Ivette.
245 13 - MENCIÓN DEL TÍTULO
Título El cielo y la tierra en sus manos :
Resto del título los grandes propietarios de Ponce, 1816-1830 /
Mención de responsabilidad, etc. Ivette Pérez Vega.
250 ## - MENCION DE EDICION
Mención de edición 1a ed.
260 ## - PUBLICACIÓN, DISTRIBUCIÓN, ETC.
Lugar de publicación, distribución, etc. Río Piedras, P.R. :
Nombre del editor, distribuidor, etc. Ediciones Huracán,
Fecha de publicación, distribución, etc. 1985.
300 ## - DESCRIPCIÓN FÍSICA
Extensión 123 p. ;
Dimensiones 18 cm.
504 ## - NOTA DE BIBLIOGRAFÍA, ETC.
Nota de bibliografía, etc. Bibliography: p. 117-123.
650 #0 - PUNTO DE ACCESO ADICIONAL DE MATERIA--TÉRMINO DE MATERIA
Término de materia o nombre geográfico como elemento de entrada Plantations
Subdivisión geográfica Puerto Rico
-- Ponce Region
Subdivisión general History
Subdivisión cronológica 19th century.
650 #0 - PUNTO DE ACCESO ADICIONAL DE MATERIA--TÉRMINO DE MATERIA
Término de materia o nombre geográfico como elemento de entrada Sugar trade
Subdivisión geográfica Puerto Rico
-- Ponce Region
Subdivisión general History
Subdivisión cronológica 19th century.
650 #0 - PUNTO DE ACCESO ADICIONAL DE MATERIA--TÉRMINO DE MATERIA
Término de materia o nombre geográfico como elemento de entrada Plantation owners
Subdivisión geográfica Puerto Rico
-- Ponce Region
Subdivisión general Biography.
942 ## - ELEMENTOS DE ENTRADA SECUNDARIOS (KOHA)
Fuente del sistema de clasificación o colocación Clasificación de Library of Congress
Tipo de ítem Koha
Holdings
Estatus retirado Estado de pérdida Fuente del sistema de clasificación o colocación Estado de daño No para préstamo Colección Biblioteca de origen Biblioteca actual Ubicación en estantería Fecha de adquisición Serial enumeration / chronology Signatura topográfica completa Código de barras Visto por última vez Copia número Tipo de ítem Koha
    Clasificación de Library of Congress     Recursos Regionales Biblioteca Juan Bosch Biblioteca Juan Bosch Recursos Regionales (2do. Piso) 10/04/2023 1 117 HD 1471 P438c 1985 00000034230 23/10/2018 1